000 00266nam a2200097Ia 4500
008 230907s9999||||xx |||||||||||||| ||und||
082 _a621.31042
_bSIV
245 0 _aElectric Energy-generation, Utilization And Conservation /
260 _aPearson,
_c2012
942 _cBK
999 _c599025
_d599025